| 000 | 00685nam a2200253Ia 4500 | ||
|---|---|---|---|
| 003 | OSt | ||
| 005 | 20220918174001.0 | ||
| 006 | a|||||r|||| 00| 0 | ||
| 007 | ta | ||
| 008 | 220917b |||||||| |||| 00| 0 eng d | ||
| 024 | _a9,631 | ||
| 037 | _cTextual | ||
| 040 |
_aARTS _cARTS _beng |
||
| 041 |
_2eng _aeng |
||
| 082 | _aM1t4.N6, K7 | ||
| 110 | _aUnesco | ||
| 245 | 0 |
_aBook development in Asia _b a report on the production and distribution of books in the region |
|
| 260 | _c1967 | ||
| 490 | _aReport and papers on mass communication; 52 | ||
| 650 | _aINDUSTRIAL ARTS | ||
| 700 | _aUnesco | ||
| 942 |
_hM1t4.N6, K7 _cTEXL _2CC |
||
| 999 |
_c151269 _d151269 |
||